[Event "PER-ch"]
[Site "Lima"]
[Date "2004.03.05"]
[Round "1.2"]
[White "Soto Dextre, Elmer"]
[Black "Samame Castillo, Juan Jose"]
[Result "1/2-1/2"]
[WhiteElo "2191"]
[BlackElo "2229"]
[PlyCount "47"]
[EventDate "2004.03.05"]
[EventType "k.o."]
[EventRounds "8"]
[EventCountry "PER"]
[SourceTitle "CBM 099 Extra"]
[Source "ChessBase"]
[SourceDate "2004.05.04"]
[SourceVersion "1"]
[SourceVersionDate "2004.05.04"]
[SourceQuality "1"]

1. d4 Nf6 2. Nf3 e6 3. g3 b6 4. Bg2 Bb7 5. 0-0 c5 6. c4 cxd4 7. Nxd4 Bxg2 8. Kxg2 Qc8 9. Qd3 Nc6 10. Nxc6 Qxc6+ 11. Qf3 Rc8 12. b3 Qxf3+ 13. Kxf3 d5 14. cxd5 Nxd5 15. Bd2 Be7 16. a3 Bf6 17. Ra2 0-0 18. Rc1 Rxc1 19. Bxc1 Rc8 20. Bd2 h6 21. e3 Kf8 22. Ke2 Ke8 23. Kd3 Rd8 24. Ke2 1/2-1/2